Žarnovica - obnova a adaptácia NKP Horný kaštieľ pre polyfunkčné účely
Enregistré dans:
| Auteur principal: | |
|---|---|
| Autres auteurs: | |
| Format: | Manuscrit Livre |
| Langue: | slovaque |
| Publié: |
Bratislava
2017
|
| Sujets: | |
| Accès en ligne: | http://is.stuba.sk/zp/portal_zp.pl?podrobnosti=128397 |
| Tags: |
Pas de tags, Soyez le premier à ajouter un tag!
|
MARC
| LEADER | 00000ntm a22000003a 4500 | ||
|---|---|---|---|
| 001 | stuzp63890 | ||
| 003 | SK-STU | ||
| 005 | 20210215111111.8 | ||
| 007 | ta | ||
| 008 | 150427s2015----xo-----f-mn---000-0-slo-d | ||
| 040 | |a STU |b slo | ||
| 041 | 0 | |a slo | |
| 100 | 1 | |a Turociová, Veronika |u 053130 |4 aut |U FAD Fakulta architektúry |T FA Ústav dejín a teórie architektúry a obnovy pamiatok |X 62126 |U A3130 |Y 394 |7 62126 | |
| 242 | 0 | 1 | |a Žarnovica- recovery and adaptation of NKM Horný kaštieľ |y eng |
| 245 | 1 | 0 | |a Žarnovica - obnova a adaptácia NKP Horný kaštieľ pre polyfunkčné účely |
| 260 | |c 2017 |a Bratislava | ||
| 650 | 4 | |a slohová rekonštrukcia |2 slo | |
| 650 | 4 | |a riešenie dopravy |2 slo | |
| 650 | 4 | |a krov |2 slo | |
| 650 | 4 | |a roof |2 eng | |
| 650 | 4 | |a solution of traffic |2 eng | |
| 650 | 4 | |a stylistically reconstruction |2 eng | |
| 700 | 1 | |a Gregor, Pavel |u 053130 |k Z1 |4 ths |U FAD Fakulta architektúry |T FA Ústav dejín a teórie architektúry a obnovy pamiatok |X 412 |U A3130 |Y 394 |7 A000000412 | |
| 856 | 4 | |u http://is.stuba.sk/zp/portal_zp.pl?podrobnosti=128397 |u https://opac.crzp.sk/?fn=detailBiblioForm&sid=877A1C170D2F97A1DD35A22BFB25 | |